[Event "Osasco op"]
[Site "Osasco"]
[Date "2023.12.02"]
[Round "4"]
[White "Braga, Kaio Santos"]
[Black "De Resende, Sidnei"]
[Result "0-1"]
[WhiteElo "1476"]
[BlackElo "1655"]
[PlyCount "62"]
[EventDate "2023.12.01"]
[EventType "swiss"]
[EventRounds "6"]
[EventCountry "BRA"]
[SourceTitle "CB50_2023"]
[SourceDate "2023.12.13"]
[SourceVersion "1"]
[SourceVersionDate "2023.12.13"]
[SourceQuality "1"]

1. e4 c5 2. Nc3 d6 3. Bc4 e6 4. f4 Nc6 5. Nf3 g6 6. 0-0 Bg7 7. Kh1 Nge7 8. a4 0-0 9. d3 a6 10. Qe1 Qc7 11. Qg3 Bd7 12. Bd2 Rab8 13. Qh4 Rfe8 14. f5 exf5 15. Ng5 Ne5 16. Qxh7+ Kf8 17. Nd5 Qd8 18. Bc3 Nxd5 19. Bxd5 Qxg5 20. Rf3 Qh6 21. Rh3 Qxh7 22. Rxh7 Kg8 23. Rh4 fxe4 24. Rf1 Be6 25. Bxe4 d5 26. Bxe5 Bxe5 27. Bf3 Bxb2 28. c4 Bf6 29. Rf4 Bg5 30. cxd5 Bxf4 31. dxe6 Rxe6 0-1

[Event "Osasco op"]
[Site "Osasco"]
[Date "2023.12.01"]
[Round "1"]
[White "De Resende, Sidnei"]
[Black "Ruvieri, Valter"]
[Result "1-0"]
[WhiteElo "1655"]
[BlackElo "1052"]
[PlyCount "43"]
[EventDate "2023.12.01"]
[EventType "swiss"]
[EventRounds "6"]
[EventCountry "BRA"]
[SourceTitle "CB50_2023"]
[SourceDate "2023.12.13"]
[SourceVersion "1"]
[SourceVersionDate "2023.12.13"]
[SourceQuality "1"]

1. e4 e5 2. Nf3 d6 3. d4 exd4 4. Nxd4 Be7 5. c4 Nf6 6. Nc3 Nbd7 7. Nf5 0-0 8. Be2 c6 9. 0-0 Nc5 10. Nxe7+ Qxe7 11. f3 a6 12. Bg5 Qe6 13. Qd4 Nfd7 14. Rad1 b5 15. Qxd6 b4 16. Nb1 Re8 17. Be3 Nb7 18. Qg3 Qe5 19. Rd2 Qxg3 20. hxg3 Re5 21. Rfd1 Ndc5 22. Rd8+ 1-0

[Event "Hebraica op 31st"]
[Site "Hebraica"]
[Date "2023.06.30"]
[Round "2"]
[White "De Resende, Sidnei"]
[Black "Santoro, Camila Correa"]
[Result "1-0"]
[WhiteElo "1681"]
[BlackElo "1800"]
[PlyCount "49"]
[EventDate "2023.06.30"]
[EventType "swiss"]
[EventRounds "6"]
[EventCountry "BRA"]
[SourceTitle "CBM 215 Extra"]
[Source "ChessBase"]
[SourceDate "2023.09.30"]
[SourceVersion "1"]
[SourceVersionDate "2023.09.30"]
[SourceQuality "1"]

1. e4 c5 2. Nf3 d6 3. d4 cxd4 4. Nxd4 Nf6 5. Nc3 g6 6. Be2 Bg7 7. Be3 0-0 8. 0-0 Nc6 9. f4 Nxd4 10. Bxd4 e5 11. fxe5 dxe5 12. Bxe5 Qxd1 13. Raxd1 Ne8 14. Bxg7 Nxg7 15. Nd5 Kh8 16. c4 Bd7 17. Rf2 Bc6 18. Rdf1 f5 19. Bd3 Bd7 20. g4 f4 21. Rxf4 Rxf4 22. Rxf4 Ne6 23. Rf7 Nc5 24. Nf6 Bc6 25. Rxh7# 1-0

[Event "Florianopolis op 9th"]
[Site "Florianopolis"]
[Date "2023.01.29"]
[Round "10"]
[White "De Resende, Sidnei"]
[Black "Fischer, Ivo Lucio"]
[Result "0-1"]
[WhiteElo "1629"]
[BlackElo "1926"]
[PlyCount "80"]
[EventDate "2023.01.23"]
[EventType "swiss"]
[EventRounds "10"]
[EventCountry "BRA"]
[SourceTitle "CBM 212 Extra"]
[Source "ChessBase"]
[SourceDate "2023.03.31"]
[SourceVersion "1"]
[SourceVersionDate "2023.03.31"]
[SourceQuality "1"]

1. c4 c6 2. Nc3 d5 3. e3 Nf6 4. Nf3 g6 5. d4 Bg7 6. Be2 0-0 7. 0-0 Nbd7 8. b3 Re8 9. Bb2 a6 10. Qc2 Nb6 11. Rfd1 Bf5 12. Bd3 Bxd3 13. Qxd3 e6 14. Rac1 Qe7 15. Ne5 Rad8 16. Qe2 Nfd7 17. Nxd7 Rxd7 18. f4 f5 19. Nb1 g5 20. g3 Rdd8 21. Nd2 g4 22. Nb1 Bf6 23. Bc3 Rc8 24. c5 Nd7 25. Na3 h5 26. b4 Kf7 27. Kg2 Rh8 28. Rh1 h4 29. Be1 Rh6 30. Bf2 Rch8 31. Rcg1 Kg6 32. Kf1 Qh7 33. gxh4 Bxh4 34. Bxh4 Rxh4 35. Rg2 Nf6 36. Nc2 Ne4 37. Ne1 Kf6 38. a4 Rh3 39. b5 axb5 40. axb5 Ng3+ 0-1

[Event "Florianopolis op 9th"]
[Site "Florianopolis"]
[Date "2023.01.24"]
[Round "3"]
[White "Ramirez, Maria Eugenia"]
[Black "De Resende, Sidnei"]
[Result "1-0"]
[WhiteElo "2007"]
[BlackElo "1629"]
[PlyCount "101"]
[EventDate "2023.01.23"]
[EventType "swiss"]
[EventRounds "10"]
[EventCountry "BRA"]
[SourceTitle "CBM 212 Extra"]
[Source "ChessBase"]
[SourceDate "2023.03.31"]
[SourceVersion "1"]
[SourceVersionDate "2023.03.31"]
[SourceQuality "1"]

1. e4 c5 2. c3 Nf6 3. e5 Nd5 4. g3 d6 5. exd6 exd6 6. Bg2 Nf6 7. Ne2 Nc6 8. 0-0 Be7 9. d4 Bg4 10. f3 Bf5 11. g4 Bd7 12. d5 Ne5 13. Na3 0-0 14. h3 Ng6 15. Ng3 Nh4 16. Nc2 h6 17. Ne3 Qc8 18. Bh1 Re8 19. f4 g6 20. Ng2 Nh7 21. Nxh4 Bxh4 22. Ne4 Qc7 23. f5 Bb5 24. fxg6 fxg6 25. Rf4 Qe7 26. Bd2 Bd3 27. Be1 Bxe4 28. Rxe4 Qf6 29. Qd3 Kg7 30. c4 Rxe4 31. Bxe4 Bxe1 32. Rxe1 Re8 33. Rf1 Qd4+ 34. Qxd4+ cxd4 35. Bf3 Ng5 36. Kg2 Re3 37. h4 Nxf3 38. Rxf3 Re2+ 39. Rf2 Rxf2+ 40. Kxf2 Kf6 41. Ke2 Ke5 42. Kd3 b6 43. b4 b5 44. cxb5 Kxd5 45. a4 g5 46. h5 Ke5 47. a5 Kd5 48. b6 axb6 49. a6 Kc6 50. b5+ Kc7 51. Kxd4 1-0

[Event "Florianopolis op 9th"]
[Site "Florianopolis"]
[Date "2023.01.23"]
[Round "1"]
[White "Tomiello, Lucas Costamilan"]
[Black "De Resende, Sidnei"]
[Result "1-0"]
[WhiteElo "2263"]
[BlackElo "1629"]
[PlyCount "71"]
[EventDate "2023.01.23"]
[EventType "swiss"]
[EventRounds "10"]
[EventCountry "BRA"]
[SourceTitle "CBM 212 Extra"]
[Source "ChessBase"]
[SourceDate "2023.03.31"]
[SourceVersion "1"]
[SourceVersionDate "2023.03.31"]
[SourceQuality "1"]

1. e4 c5 2. Nf3 d6 3. d4 cxd4 4. Nxd4 Nf6 5. Nc3 a6 6. Be2 e6 7. 0-0 Be7 8. f4 0-0 9. Bf3 Nbd7 10. g4 Nb6 11. Kh1 Nfd7 12. f5 Ne5 13. Bg2 Bd7 14. h3 Rc8 15. Nce2 Bf6 16. Nf4 exf5 17. Nxf5 Bxf5 18. exf5 Qc7 19. Nh5 Bh4 20. Be3 Nbc4 21. Bd4 b5 22. Nf4 Nb6 23. c3 Rfe8 24. b3 Rcd8 25. Qd2 h6 26. f6 g5 27. Nh5 Rd7 28. Ng7 Red8 29. Nf5 Ng6 30. Nxh6+ Kh8 31. Nf5 Kh7 32. Nxh4 gxh4 33. Qg5 Rh8 34. Bxb6 Qxb6 35. Bd5 Qc5 36. Qh5+ 1-0

[Event "Sao Paulo Hebraica op 28th"]
[Site "Sao Paulo"]
[Date "2022.01.16"]
[Round "5"]
[White "Mobaier, Sergio"]
[Black "De Resende, Sidnei"]
[Result "1-0"]
[WhiteElo "1860"]
[BlackElo "1800"]
[PlyCount "85"]
[EventDate "2022.01.14"]
[EventType "swiss"]
[EventRounds "6"]
[EventCountry "BRA"]
[SourceTitle "CBM 206 Extra"]
[Source "ChessBase"]
[SourceDate "2022.03.31"]
[SourceVersion "1"]
[SourceVersionDate "2022.03.31"]
[SourceQuality "1"]

1. d4 d5 2. Nf3 Nf6 3. g3 e6 4. Bg2 Be7 5. 0-0 0-0 6. c4 c6 7. Qc2 Nbd7 8. Nbd2 b6 9. e4 Bb7 10. e5 Ne8 11. cxd5 cxd5 12. Re1 b5 13. Qd3 Nc7 14. Nf1 Nb6 15. h4 b4 16. Bg5 a5 17. N1h2 Ba6 18. Qc2 Rc8 19. Bxe7 Qxe7 20. Ng5 g6 21. Ng4 Kg7 22. Qd2 h5 23. Nf6 Ne8 24. Qf4 Nxf6 25. exf6+ Qxf6 26. Qxf6+ Kxf6 27. Nh7+ Kg7 28. Nxf8 Kxf8 29. Rac1 Na4 30. Rxc8+ Bxc8 31. Rc1 Ba6 32. Rc2 Bd3 33. Rc8+ Ke7 34. Ra8 Nxb2 35. Rxa5 Bb1 36. Bf1 Nd1 37. Ra4 Nc3 38. Rxb4 Bxa2 39. Rb7+ Kf6 40. Rb2 Bc4 41. Bxc4 dxc4 42. Rc2 Nb5 43. Rxc4 1-0